00639 2200205 4500001002100000005001500021035002000036007000300056008004100059020002200100082001000122084001600132100001800148245008500166250001100251260006600262300004000328650003600368856002900404INLIS00000000000124920260401125037 a0010-0426000003ta260401 e 0 ind  a978.602.6954.82.4 a635.5 a635.5 UME b0 aUme Humaedah,1 aBeragam Sayuran dari Pekarangan /cBALAI PENGKAJIAN TEKNOLOGI PERTANIAN KEMENTAN acet. 1 aBogor :bBALAI PENGKAJIAN TEKNOLOGI PERTANIAN KEMENTAN,c2021 a38 hlm :biv, 38 hlm; ilus ;c23 cm 4aBeragam Sayuran dari Pekarangan aBalai Perpustakaan Bogor